| 000 | 00726nam a2200229 4500 | ||
|---|---|---|---|
| 001 | 113780 | ||
| 003 | ES-MaACL | ||
| 007 | t| | ||
| 008 | 061121s1987 sp r ||||1| spa d | ||
| 020 | _a84-206-9038-4 | ||
| 100 | 1 |
_aPacht, Otto. _988148 |
|
| 245 | 1 | 3 |
_aLa miniatura medieval _b: una introducción / _cOtto Pèacht ; versión española de Pablo Diener Ojeda. |
| 260 |
_aMadrid : _bAlianza, _ccop. 1987. |
||
| 300 |
_a221 p. : _bil ; _c29 cm. |
||
| 490 | 1 |
_aAlianza forma. Serie especial ; _v7 |
|
| 500 | _aIndices. | ||
| 504 | _aBibliografía. | ||
| 700 | 1 |
_aDiener Ojeda, Pablo. _944603 |
|
| 830 | 0 | 0 |
_aAlianza forma. Serie especial _v7 _9181045 |
| 852 |
_aES-MaACL _jG-6931 _bR.114457 |
||
| 999 |
_c113780 _d113780 |
||